00535nam a2200145 a 450000100100000000500170001000800410002702000180006804000250008610000310011124501770014226000230031930000200034270000270036200004030920201002034040.0130821s2010 mx 000 0 spa d a9786070220319 aDO-SdBNPbspacBNPHU1 aMonterde, Franciscod1894-10aFernando Calderón Beltrán :bdiscurso de ingreso a la Academia Mexicana de la Lengua, 5 de diciembre de 1951 /cFrancisco Monterde ; respuesta de Julio Jiménez Rueda. aMéxico :,c2010. a50 p. ;c18 cm.1 aJiménez Rueda, Julio